Благоприятные факторы металлоносности мезо-кайнозойских отложений восточного обрамления Западно-Сибирской плиты (на примере Томской области); Проблемы геологии и освоения недр; Т. 1

Библиографические подробности
Источник:Проблемы геологии и освоения недр: труды XVI Международного симпозиума имени академика М. А. Усова студентов и молодых ученых, Томск, 2-7 апреля 2012 г./ Национальный исследовательский Томский политехнический университет (ТПУ), Институт природных ресурсов (ИПР) ; Общество инженеров-нефтяников, Студенческий чаптер ; под ред. О. Г. Савичева.— , 2012
Т. 1.— 2012.— [С. 229-231]
Главный автор: Чернев Е. М. Евгений Михайлович
Другие авторы: Домаренко В. А. Виктор Алексеевич (научный руководитель)
Примечания:Заглавие с экрана
Язык:русский
Опубликовано: 2012
Серии:Месторождения полезных ископаемых. Методика поисков и разведки месторождений полезных ископаемых
Предметы:
Online-ссылка:http://www.lib.tpu.ru/fulltext/c/2012/C11/V1/096.pdf
Формат: Электронный ресурс Статья
Запись в KOHA:https://koha.lib.tpu.ru/cgi-bin/koha/opac-detail.pl?biblionumber=231689

MARC

LEADER 00000nla2a2200000 4500
001 231689
005 20231031202917.0
035 |a (RuTPU)RU\TPU\book\252712 
035 |a RU\TPU\book\252707 
090 |a 231689 
100 |a 20130205d2012 k y0rusy50 ca 
101 0 |a rus 
102 |a RU 
105 |a y z 100zy 
135 |a arnn ---uucaa 
181 0 |a i  
182 0 |a b 
200 1 |a Благоприятные факторы металлоносности мезо-кайнозойских отложений восточного обрамления Западно-Сибирской плиты (на примере Томской области)  |b Электронный ресурс  |f Е. М. Чернев  |g науч. рук. В. А. Домаренко 
203 |a Текст  |c электронный 
225 1 |a Месторождения полезных ископаемых. Методика поисков и разведки месторождений полезных ископаемых 
230 |a 1 компьютерный файл (pdf; 738 Кб) 
300 |a Заглавие с экрана 
320 |a [Библиогр.: с. 231 (8 назв.)] 
337 |a Adobe Reader 
461 1 |0 (RuTPU)RU\TPU\book\252494  |t Проблемы геологии и освоения недр  |o труды XVI Международного симпозиума имени академика М. А. Усова студентов и молодых ученых, Томск, 2-7 апреля 2012 г.  |o в 2 т.  |f Национальный исследовательский Томский политехнический университет (ТПУ), Институт природных ресурсов (ИПР) ; Общество инженеров-нефтяников, Студенческий чаптер ; под ред. О. Г. Савичева  |d 2012 
463 1 |0 (RuTPU)RU\TPU\book\252505  |t Т. 1  |v [С. 229-231]  |d 2012 
610 1 |a труды учёных ТПУ 
610 1 |a электронный ресурс 
610 1 |a факторы 
610 1 |a металлоносность 
610 1 |a Западно-Сибирская плита 
610 1 |a Томская область 
700 1 |a Чернев  |b Е. М.  |c электроник  |c кафедра геоэкологии и геохимии Томского политехнического университета  |g Евгений Михайлович  |2 stltpush  |3 (RuTPU)RU\TPU\pers\25746 
702 1 |a Домаренко  |b В. А.  |c российский геохимик  |c доцент Томского политехнического университета  |f 1947-  |g Виктор Алексеевич  |2 stltpush  |4 727 
801 2 |a RU  |b 63413507  |c 20130719  |g RCR 
856 4 |u http://www.lib.tpu.ru/fulltext/c/2012/C11/V1/096.pdf 
942 |c CF